| 000 | 00697nam a2200121Ia 4500 | ||
|---|---|---|---|
| 008 | 220620s9999||||xx |||||||||||||| ||und|| | ||
| 245 | 0 |
_aSound Souvenirs _bAudio Technologies, Memory and Cultural Practices |
|
| 546 | _aEnglish[eng] | ||
| 650 | _amuziek||ipod||digital sound||popular science||philips||basf||wetenschap algemeen||music||kunst en kunstgeschiedenis||historical treatment of fine and decorative arts||sound | ||
| 700 | _aVan Dijck, J.||Bijsterveld, K. | ||
| 856 | _uhttps://library.oapen.org/bitstream/20.500.12657/35295/1/340032.pdf||https://library.oapen.org/bitstream/20.500.12657/35295/1/340032.pdf||https://library.oapen.org/bitstream/20.500.12657/35295/1/340032.pdf | ||
| 942 | _cEB | ||
| 999 |
_c21999 _d21999 |
||